[Event "EU-chT (Women) 24th"]
[Site "Budva"]
[Date "2023.11.19"]
[Round "8.6"]
[White "Ushenina, Anna"]
[Black "Yao, Lan"]
[Result "1/2-1/2"]
[WhiteElo "2425"]
[BlackElo "2344"]
[PlyCount "123"]
[EventDate "2023.11.11"]
[EventType "team-swiss"]
[EventRounds "9"]
[EventCountry "MNE"]
[SourceTitle "CB47_2023"]
[SourceDate "2023.11.22"]
[SourceVersion "1"]
[SourceVersionDate "2023.11.22"]
[SourceQuality "1"]
[WhiteTeam "Ukraine (W)"]
[BlackTeam "England (W)"]
[WhiteTeamCountry "UKR"]
[BlackTeamCountry "ENG"]

1. c4 Nf6 2. Nc3 e6 3. Nf3 d5 4. e3 c5 5. cxd5 exd5 6. Bb5+ Bd7 7. Bxd7+ Nbxd7 8. 0-0 Be7 9. b3 0-0 10. d4 Rc8 11. dxc5 Nxc5 12. Bb2 Nce4 13. Ne2 Qa5 14. a3 Rfd8 15. Nfd4 Bf8 16. h3 Qc7 17. Nf4 Qe5 18. Qe2 Qg5 19. Rac1 a6 20. Rfd1 Rxc1 21. Rxc1 Re8 22. Nd3 Bd6 23. Qf3 Nd2 24. Qf5 Qg6 25. Qxg6 hxg6 26. Rc2 Nde4 27. Ne2 Kf8 28. g4 Ng5 29. Kg2 Ne6 30. a4 Nd7 31. Nd4 Nxd4 32. Bxd4 f6 33. Rc1 g5 34. Ne1 Kf7 35. Nf3 Ne5 36. Bxe5 Bxe5 37. h4 gxh4 38. Nxh4 g6 39. Nf3 Ke6 40. g5 fxg5 41. Nxg5+ Kf5 42. Nf3 Bf6 43. Rd1 Ke4 44. Nd4 Rc8 45. Kf1 a5 46. Ke2 Bxd4 47. Rxd4+ Ke5 48. Kd2 Rf8 49. f4+ Ke6 50. b4 b6 51. e4 dxe4 52. Rxe4+ Kd5 53. Ke3 axb4 54. Rxb4 Kc6 55. Re4 Rf6 56. Re5 Kd6 57. Rg5 Ke7 58. Kf3 Rc6 59. Rb5 Kf7 60. Ke3 Rc4 61. Rxb6 Rxa4 62. Kf3 1/2-1/2

[Event "EU-Cup (Women) 27th"]
[Site "Durres"]
[Date "2023.10.04"]
[Round "4.2"]
[White "Yao, Lan"]
[Black "Rapport, Jovana"]
[Result "1/2-1/2"]
[WhiteElo "2311"]
[BlackElo "2324"]
[PlyCount "56"]
[EventDate "2023.10.01"]
[EventType "team-swiss"]
[EventRounds "7"]
[EventCountry "ALB"]
[SourceTitle "EXT 2024"]
[Source "ChessBase"]
[SourceDate "2023.10.10"]
[SourceVersion "1"]
[SourceVersionDate "2023.10.10"]
[SourceQuality "1"]
[WhiteTeam "Wood Green (W)"]
[BlackTeam "Crvena Zvezda (W)"]
[WhiteTeamCountry "ENG"]
[BlackTeamCountry "SRB"]

1. e4 e6 2. d4 d5 3. Bd3 dxe4 4. Bxe4 Nf6 5. Bf3 Be7 6. Ne2 0-0 7. Nbc3 c5 8. Be3 Qa5 9. 0-0 Nc6 10. Qe1 cxd4 11. Nxd4 Ne5 12. Qe2 Nxf3+ 13. Qxf3 Bd7 14. Qg3 Rfc8 15. Rad1 Be8 16. Rfe1 Qh5 17. Bf4 Qg6 18. Qf3 Bc6 19. Nxc6 Rxc6 20. Rd3 h6 21. h3 a6 22. Qd1 b5 23. Rg3 Qh7 24. Be5 Qf5 25. Rf3 Qg6 26. Rg3 Qf5 27. Rf3 Qg6 28. Rg3 Qf5 1/2-1/2

[Event "GBR-ch 109th"]
[Site "Leicester"]
[Date "2023.07.27"]
[Round "6"]
[White "Balaji, Aaravamudhan"]
[Black "Yao, Lan"]
[Result "1/2-1/2"]
[WhiteElo "2334"]
[BlackElo "2242"]
[PlyCount "183"]
[EventDate "2023.07.22"]
[EventType "swiss"]
[EventRounds "9"]
[EventCountry "ENG"]
[SourceTitle "CBM 215 Extra"]
[Source "ChessBase"]
[SourceDate "2023.09.30"]
[SourceVersion "1"]
[SourceVersionDate "2023.09.30"]
[SourceQuality "1"]

1. d4 Nf6 2. c4 e6 3. Nc3 Bb4 4. e3 d5 5. a3 Bxc3+ 6. bxc3 0-0 7. cxd5 exd5 8. Bd3 c5 9. Ne2 b6 10. 0-0 Ba6 11. f3 Bxd3 12. Qxd3 Re8 13. Ng3 Nc6 14. Bb2 c4 15. Qd2 b5 16. Rae1 a5 17. e4 Ne7 18. Qf4 Ng6 19. Qf5 Ne7 20. Qh3 Qc8 21. Qh4 Ng6 22. Qg5 h6 23. Qd2 Ne7 24. Qc2 Nh7 25. Bc1 b4 26. axb4 axb4 27. cxb4 Qb7 28. Qc3 Ra4 29. exd5 Rc8 30. Qc2 Ra6 31. b5 Rg6 32. d6 Rxd6 33. Ba3 Rd7 34. Rxe7 Rxe7 35. Bxe7 Qxe7 36. Nf5 Qf6 37. Re1 Kh8 38. Re5 Nf8 39. h3 Ne6 40. Rd5 Nf4 41. Rd6 Ne6 42. Qe4 Qg5 43. Rc6 Rd8 44. Nd6 Qc1+ 45. Kh2 Ng5 46. Qf5 Qe3 47. h4 Qxd4 48. hxg5 Rxd6 49. Rc8+ Rd8 50. Rxd8+ Qxd8 51. gxh6 Qh4+ 52. Qh3 Qf4+ 53. Kg1 gxh6 54. Qc8+ Kh7 55. Qc5 Qc1+ 56. Kh2 c3 57. Qf5+ Kg7 58. Qe5+ Kg6 59. b6 Qb2 60. Qe4+ Kg7 61. Qg4+ Kh7 62. Qd4 Qb1 63. Qf6 Qg6 64. Qxc3 Qxb6 65. Kg3 Qg6+ 66. Kf2 Qb6+ 67. Ke2 Qe6+ 68. Kf1 Qa6+ 69. Kg1 Qb6+ 70. Kh1 Qd6 71. Qc4 Qf6 72. Kg1 Kg7 73. Kf2 Qb6+ 74. Kg3 Qg6+ 75. Kh2 Qh5+ 76. Kg1 Qe5 77. Qg4+ Qg5 78. Qd4+ Qf6 79. Qc5 Qg5 80. Qc7 Qh4 81. Kf1 Qd4 82. Qc1 Kg6 83. Ke2 Qe5+ 84. Kf2 Qg5 85. Qc6+ Qf6 86. Qe8 Qh4+ 87. g3 Qh2+ 88. Ke3 Qg1+ 89. Ke2 Qg2+ 90. Ke3 Qg1+ 91. Ke2 Qg2+ 92. Ke3 1/2-1/2

[Event "Prague op"]
[Site "Prague"]
[Date "2023.06.28"]
[Round "7"]
[White "Kosakowski, Jakub"]
[Black "Yao, Lan"]
[Result "1-0"]
[WhiteElo "2485"]
[BlackElo "2242"]
[PlyCount "113"]
[EventDate "2023.06.22"]
[EventType "swiss"]
[EventRounds "9"]
[EventCountry "CZE"]
[SourceTitle "CBM 215 Extra"]
[Source "ChessBase"]
[SourceDate "2023.09.30"]
[SourceVersion "1"]
[SourceVersionDate "2023.09.30"]
[SourceQuality "1"]

1. e4 c5 2. Nf3 e6 3. d4 cxd4 4. Nxd4 Nc6 5. Nc3 Qc7 6. Be3 a6 7. Qf3 Nf6 8. 0-0-0 Be7 9. Be2 0-0 10. Qg3 d6 11. Bh6 Ne8 12. Nxc6 bxc6 13. h4 Rb8 14. Bg5 f6 15. Bd2 d5 16. Qxc7 Nxc7 17. Be3 Rd8 18. Bf3 Nb5 19. Nxb5 axb5 20. Rhe1 Bd6 21. g4 Bb7 22. Bg2 Ra8 23. Kb1 Ra6 24. c3 b4 25. Bf1 Ra4 26. exd5 exd5 27. b3 Raa8 28. c4 Bc8 29. Be2 Be6 30. Bf3 Be5 31. Bb6 Rd7 32. Bd4 Bxd4 33. Rxe6 Bxf2 34. cxd5 Rad8 35. Rxc6 Bg3 36. Be4 Bd6 37. Bf5 Ra7 38. h5 Re7 39. Be6+ Kf8 40. Rf1 h6 41. Rfc1 Rb7 42. Rc8 Rb8 43. Rxd8+ Rxd8 44. Rc6 Ke7 45. Ra6 Bc5 46. Kc2 Rb8 47. Kd3 Rb7 48. Ra8 Kd6 49. Kc4 Bf2 50. Ra4 Be1 51. Ra6+ Ke5 52. Rc6 Ra7 53. Bf5 Bf2 54. d6 Ra8 55. d7 Rd8 56. Rc8 Bb6 57. Kb5 1-0

[Event "BCF-chT 2223 (4NCL)"]
[Site "England"]
[Date "2023.01.15"]
[Round "4.3"]
[White "Dong, Bao Nghia"]
[Black "Yao, Lan"]
[Result "1/2-1/2"]
[WhiteElo "2355"]
[BlackElo "2274"]
[PlyCount "145"]
[EventDate "2022.10.22"]
[EventType "team-swiss"]
[EventRounds "11"]
[EventCountry "ENG"]
[SourceTitle "CBM 213 Extra"]
[Source "ChessBase"]
[SourceDate "2023.05.31"]
[SourceVersion "1"]
[SourceVersionDate "2023.05.31"]
[SourceQuality "1"]
[WhiteTeam "The Sharks"]
[BlackTeam "Wood Green Youth"]
[WhiteTeamCountry "ENG"]
[BlackTeamCountry "ENG"]

1. Nf3 Nf6 2. d4 e6 3. c4 b6 4. g3 Bb7 5. Bg2 Be7 6. 0-0 0-0 7. Nc3 Ne4 8. Nxe4 Bxe4 9. Ne1 Bxg2 10. Nxg2 d5 11. cxd5 Qxd5 12. Nf4 Qb7 13. Qb3 c5 14. dxc5 Bxc5 15. Nd3 Be7 16. Bd2 Nd7 17. a4 Qe4 18. Be3 Nc5 19. Bxc5 bxc5 20. Rac1 Qxe2 21. Rfe1 Qd2 22. Rcd1 Qa5 23. Ne5 Qb4 24. Qe3 Qxa4 25. Rd7 Rae8 26. b3 Qa6 27. Qc3 Qb6 28. Qf3 Bf6 29. Rb7 Qa5 30. b4 cxb4 31. Nd7 Bd4 32. Nxf8 Rxf8 33. Rd1 e5 34. Qb3 Qc5 35. Rxb4 Bxf2+ 36. Kg2 Bd4 37. Rf1 Qc6+ 38. Rf3 Bb6 39. Rb5 e4 40. Rc3 Qd7 41. Rd5 Qe7 42. Qb5 e3 43. Re5 Qd6 44. Rd3 Qf6 45. Rd7 g6 46. Ree7 h5 47. Qf1 Qxf1+ 48. Kxf1 Bc5 49. Re5 Rc8 50. Ke2 Bb6 51. Kd1 Rc6 52. Re4 Rf6 53. Rf4 Rxf4 54. gxf4 Kg7 55. Ke2 Kf6 56. Kf3 Ke6 57. Rb7 f6 58. h4 Kf5 59. Rf7 Bc5 60. Rc7 Bd6 61. Rxa7 Bxf4 62. Ra5+ Be5 63. Ra4 g5 64. hxg5 fxg5 65. Kxe3 Bf4+ 66. Kf2 g4 67. Ra5+ Be5 68. Ra4 Kg5 69. Kg2 Kf5 70. Rb4 Bf4 71. Rb5+ Be5 72. Rb4 Kg5 73. Ra4 1/2-1/2

[Event "Wch Blitz (Women)"]
[Site "Almaty"]
[Date "2022.12.30"]
[Round "16"]
[White "Kaliakhmet, Elnaz"]
[Black "Yao, Lan"]
[Result "1-0"]
[WhiteElo "1728"]
[BlackElo "2174"]
[PlyCount "133"]
[EventDate "2022.12.29"]
[EventType "swiss (blitz)"]
[EventRounds "17"]
[EventCountry "KAZ"]
[SourceTitle "CBM 211 Extra"]
[Source "ChessBase"]
[SourceDate "2023.01.31"]
[SourceVersion "1"]
[SourceVersionDate "2023.01.31"]
[SourceQuality "1"]

1. d4 Nf6 2. c4 e6 3. Nf3 b6 4. g3 Bb7 5. Bg2 Be7 6. 0-0 0-0 7. Nc3 Ne4 8. Qc2 Nxc3 9. Qxc3 d6 10. b4 Nd7 11. Bb2 Qe8 12. Qc2 f5 13. Ne1 Bxg2 14. Nxg2 e5 15. c5 bxc5 16. bxc5 exd4 17. cxd6 Bxd6 18. Bxd4 Qh5 19. Bb2 Nf6 20. Qb3+ Kh8 21. Qf3 Ng4 22. h4 f4 23. gxf4 Qg6 24. e3 Rab8 25. Bd4 Ne5 26. Qg3 Ng4 27. f3 Nf6 28. Qxg6 hxg6 29. Bxa7 Rb2 30. Bd4 Rc2 31. a4 c5 32. Bxf6 gxf6 33. a5 Ra8 34. a6 Rb2 35. Ra4 Rb6 36. a7 Rb7 37. Rfa1 Rc7 38. Ra6 Be7 39. Ne1 c4 40. Nc2 Bc5 41. Kf2 Kg7 42. Ke2 Raxa7 43. Rxa7 Bxa7 44. Kd2 Bb6 45. Kc3 Bc5 46. Rd1 Be7 47. Rd4 Rc8 48. Rxc4 Rh8 49. Rc7 Kf7 50. Nd4 Rxh4 51. Nc6 Ke6 52. Nxe7 Rh3 53. Kd4 Rxf3 54. Nd5 g5 55. Rc6+ Kd7 56. Rxf6 gxf4 57. exf4 Ra3 58. f5 Ra1 59. Rh6 Ke8 60. Ke5 Ra5 61. Rh7 Kf8 62. f6 Ra6 63. Nf4 Ra5+ 64. Ke6 Ra6+ 65. Kf5 Ra1 66. Ng6+ Ke8 67. f7+ 1-0

[Event "Wch Blitz (Women)"]
[Site "Almaty"]
[Date "2022.12.30"]
[Round "14"]
[White "Yao, Lan"]
[Black "Serikbay, Assel"]
[Result "0-1"]
[WhiteElo "2174"]
[BlackElo "2044"]
[PlyCount "74"]
[EventDate "2022.12.29"]
[EventType "swiss (blitz)"]
[EventRounds "17"]
[EventCountry "KAZ"]
[SourceTitle "CBM 211 Extra"]
[Source "ChessBase"]
[SourceDate "2023.01.31"]
[SourceVersion "1"]
[SourceVersionDate "2023.01.31"]
[SourceQuality "1"]

1. e4 c5 2. Nf3 e6 3. d4 cxd4 4. Nxd4 a6 5. c4 Nf6 6. Nc3 d6 7. a3 g6 8. Be2 Bg7 9. Be3 0-0 10. f3 Nbd7 11. 0-0 d5 12. cxd5 exd5 13. exd5 Nb6 14. Qd2 Nbxd5 15. Nxd5 Nxd5 16. Bf2 Qf6 17. Rfd1 Bd7 18. Bc4 Nf4 19. Be3 Ne6 20. Bd5 Rad8 21. Qf2 Nf4 22. Bxb7 Ba4 23. b3 Bb5 24. Nxb5 axb5 25. Rab1 Nd3 26. Qf1 Qc3 27. Be4 Nb2 28. Rxd8 Qxe3+ 29. Qf2 Qxf2+ 30. Kxf2 Rxd8 31. Ke2 f5 32. Bc6 Bc3 33. Bxb5 Rd2+ 34. Ke3 Nd1+ 35. Kf4 Kf7 36. b4 Kf6 37. h4 Be5# 0-1

[Event "Wch Blitz (Women)"]
[Site "Almaty"]
[Date "2022.12.29"]
[Round "9"]
[White "Kamalidenova, Meruert"]
[Black "Yao, Lan"]
[Result "1-0"]
[WhiteElo "2285"]
[BlackElo "2174"]
[PlyCount "86"]
[EventDate "2022.12.29"]
[EventType "swiss (blitz)"]
[EventRounds "17"]
[EventCountry "KAZ"]
[SourceTitle "CBM 211 Extra"]
[Source "ChessBase"]
[SourceDate "2023.01.31"]
[SourceVersion "1"]
[SourceVersionDate "2023.01.31"]
[SourceQuality "1"]

1. e4 c5 2. Nf3 e6 3. d4 cxd4 4. Nxd4 Nc6 5. Nc3 Qc7 6. Be3 a6 7. g4 Nxd4 8. Bxd4 b5 9. Qd2 Bb7 10. Bg2 b4 11. Ne2 Nf6 12. f3 h6 13. 0-0-0 e5 14. Be3 d5 15. exd5 Nxd5 16. Kb1 Nxe3 17. Qxe3 Bc5 18. Qb3 0-0 19. h4 a5 20. g5 a4 21. Qc4 h5 22. Rhf1 Ba6 23. Qe4 b3 24. f4 bxc2+ 25. Qxc2 Rab8 26. f5 Qb6 27. Bd5 Bxe2 28. Qxe2 Bd4 29. b3 axb3 30. Bxb3 Qa5 31. Qc4 Qa3 32. Rxd4 exd4 33. g6 Rxb3+ 34. axb3 Qe7 35. gxf7+ Rxf7 36. Qxd4 Qb7 37. Kb2 Rd7 38. Qc4+ Kh8 39. Rf2 Qb6 40. Rc2 Qf6+ 41. Qc3 Qxh4 42. b4 Qe7 43. Rh2 Qe8 1-0

[Event "Wch Blitz (Women)"]
[Site "Almaty"]
[Date "2022.12.29"]
[Round "5"]
[White "Nomindalai, Tumurbaatar"]
[Black "Yao, Lan"]
[Result "0-1"]
[WhiteElo "2027"]
[BlackElo "2174"]
[PlyCount "52"]
[EventDate "2022.12.29"]
[EventType "swiss (blitz)"]
[EventRounds "17"]
[EventCountry "KAZ"]
[SourceTitle "CBM 211 Extra"]
[Source "ChessBase"]
[SourceDate "2023.01.31"]
[SourceVersion "1"]
[SourceVersionDate "2023.01.31"]
[SourceQuality "1"]

1. d4 Nf6 2. c4 e6 3. g3 d5 4. Nf3 dxc4 5. Bg2 a6 6. 0-0 Nc6 7. e3 Rb8 8. Nfd2 e5 9. Bxc6+ bxc6 10. dxe5 Ng4 11. Nxc4 Be6 12. Nbd2 Bb4 13. b3 h5 14. h3 Bc3 15. Bb2 Bxb2 16. Nxb2 Nxe5 17. Ndc4 Qf6 18. Nxe5 Qxe5 19. Qf3 Qxb2 20. Qxc6+ Kf8 21. Qxc7 Rc8 22. Qd6+ Kg8 23. Rab1 Qf6 24. Rfc1 Rd8 25. Qxa6 Qf3 26. Qc6 Bd5 0-1

[Event "Wch Rapid (Women)"]
[Site "Almaty"]
[Date "2022.12.28"]
[Round "9"]
[White "Kaldarova, Ayaulym"]
[Black "Yao, Lan"]
[Result "1/2-1/2"]
[WhiteElo "1824"]
[BlackElo "2283"]
[PlyCount "248"]
[EventDate "2022.12.26"]
[EventType "swiss (rapid)"]
[EventRounds "11"]
[EventCountry "KAZ"]
[SourceTitle "CBM 211 Extra"]
[Source "ChessBase"]
[SourceDate "2023.01.31"]
[SourceVersion "1"]
[SourceVersionDate "2023.01.31"]
[SourceQuality "1"]

1. Nf3 Nf6 2. c4 e6 3. g3 d5 4. Bg2 a6 5. b3 c5 6. cxd5 Nxd5 7. Bb2 Nf6 8. 0-0 Be7 9. Ne5 0-0 10. d3 Nfd7 11. Nd2 Nxe5 12. Bxe5 Nd7 13. Bb2 Rb8 14. Ne4 b5 15. Rc1 f5 16. Nd2 Qb6 17. Qc2 Bb7 18. Nf3 Rbc8 19. Qd2 Bf6 20. Rfd1 e5 21. b4 Rfe8 22. e3 Rcd8 23. bxc5 Nxc5 24. d4 Na4 25. Ba1 e4 26. Ne1 Bd5 27. h4 Qe6 28. Bh3 g6 29. Ng2 Nb6 30. Nf4 Qf7 31. Nxd5 Qxd5 32. Rc5 Qd6 33. Bf1 Nd5 34. Rdc1 Ne7 35. a4 bxa4 36. Qa2+ Kg7 37. Qxa4 f4 38. exf4 Kh6 39. R5c4 Nd5 40. Rc6 Qd7 41. Rxa6 Qg4 42. Qd1 Qxd1 43. Rxd1 Kg7 44. Re1 Re7 45. Bg2 Nb4 46. Ra4 Nc2 47. Rxe4 Rb7 48. Bc3 Rc7 49. Ba5 Ra7 50. Ra2 Rxd4 51. Rxc2 Rxe4 52. Bxe4 Rxa5 53. Kg2 Ra7 54. Bd5 Rd7 55. Be6 Ra7 56. Rc8 Bd4 57. Rc2 Kf6 58. Bd5 Rd7 59. Bg8 Kg7 60. Be6 Re7 61. Bd5 Rd7 62. Be4 Ra7 63. Rd2 Bf6 64. f5 g5 65. hxg5 Bxg5 66. Rb2 Ra4 67. Rb7+ Kh6 68. Bb1 Bf6 69. Rb6 Kg7 70. Rb3 Rd4 71. Bd3 h5 72. Be2 h4 73. g4 Kh6 74. Bf3 Rd2 75. Rb6 Kg5 76. Re6 Ra2 77. Re8 Kf4 78. Re4+ Kg5 79. Re6 Bd4 80. Be2 Bf6 81. Kf3 Ra4 82. Kg2 Rb4 83. Re8 Rb2 84. Kf3 Rb3+ 85. Kg2 Rb2 86. Re6 Rb4 87. Bd3 Rxg4+ 88. Kh3 Rf4 89. Kg2 h3+ 90. Kg3 Rd4 91. Be4 h2 92. Kxh2 Bd8 93. Kg3 Bc7+ 94. Kf3 Rd6 95. Re7 Bb6 96. Rg7+ Kf6 97. Rg2 Ke5 98. Rh2 Bd4 99. Rh8 Ra6 100. Re8+ Kf6 101. Kg3 Kf7 102. Rc8 Ra7 103. Rc6 Bf6 104. Bd5+ Kg7 105. f4 Re7 106. Kg4 Ra7 107. Rc8 Kh7 108. Rf8 Kg7 109. Rg8+ Kh7 110. Re8 Re7 111. Rc8 Ra7 112. Kh5 Rd7 113. Be6 Ra7 114. Rf8 Kg7 115. Rg8+ Kh7 116. Rg6 Bc3 117. Kg5 Rg7 118. Bc4 Rxg6+ 119. fxg6+ Kg7 120. Kf5 Bf6 121. Bf7 Bd4 122. Ke6 Bf6 123. Kf5 Bd4 124. Kg5 Bf6+ 1/2-1/2

[Event "Wch Rapid (Women)"]
[Site "Almaty"]
[Date "2022.12.26"]
[Round "3"]
[White "Khademalsharieh, Sarasadat"]
[Black "Yao, Lan"]
[Result "1-0"]
[WhiteElo "2411"]
[BlackElo "2283"]
[PlyCount "67"]
[EventDate "2022.12.26"]
[EventType "swiss (rapid)"]
[EventRounds "11"]
[EventCountry "KAZ"]
[SourceTitle "CBM 211 Extra"]
[Source "ChessBase"]
[SourceDate "2023.01.31"]
[SourceVersion "1"]
[SourceVersionDate "2023.01.31"]
[SourceQuality "1"]

1. d4 Nf6 2. c4 e6 3. Nc3 Bb4 4. Nf3 0-0 5. e3 c5 6. Bd3 b6 7. 0-0 Bxc3 8. bxc3 Nc6 9. e4 Ne8 10. e5 f5 11. d5 Na5 12. Bg5 Qc7 13. Be7 Rf7 14. d6 Qc6 15. Ng5 Bb7 16. f3 Rxe7 17. dxe7 h6 18. Be4 Qc7 19. Bxb7 Qxb7 20. Nh3 Nxc4 21. Qe2 Na5 22. f4 Kf7 23. g4 Kxe7 24. Rae1 Qd5 25. Rd1 Qc4 26. Qg2 Qe4 27. Qg3 Nc4 28. Qh4+ g5 29. Qxh6 Qe3+ 30. Rf2 gxf4 31. Qh7+ Kf8 32. Rxd7 Qe1+ 33. Rf1 Qe3+ 34. Nf2 1-0

[Event "EU-ch Rapid"]
[Site "Katowice"]
[Date "2022.12.18"]
[Round "8"]
[White "Agafonov, Yuri"]
[Black "Yao, Lan"]
[Result "1-0"]
[WhiteElo "2077"]
[BlackElo "2271"]
[PlyCount "139"]
[EventDate "2022.12.17"]
[EventType "swiss (rapid)"]
[EventRounds "11"]
[EventCountry "POL"]
[SourceTitle "CBM 211 Extra"]
[Source "ChessBase"]
[SourceDate "2023.01.31"]
[SourceVersion "1"]
[SourceVersionDate "2023.01.31"]
[SourceQuality "1"]

1. d4 Nf6 2. Bg5 e6 3. Nd2 h6 4. Bh4 b6 5. e4 g5 6. Bg3 d6 7. h4 Rg8 8. hxg5 hxg5 9. Bd3 Bb7 10. Qe2 Nbd7 11. Ngf3 Qe7 12. Ba6 0-0-0 13. a4 g4 14. Ng1 Nb8 15. Bxb7+ Kxb7 16. a5 Qd7 17. Qd3 d5 18. e5 Ne8 19. Ne2 a6 20. axb6 cxb6 21. Qh7 Rg7 22. Qd3 Nc7 23. Nf4 Be7 24. 0-0-0 Qa4 25. Kb1 Nc6 26. c3 Nb5 27. Qc2 Qxc2+ 28. Kxc2 Rc8 29. Kd3 Bg5 30. Nb3 Ne7 31. Rh5 Nf5 32. Rdh1 Rcg8 33. Nd2 Kc6 34. Rh7 Nxg3 35. fxg3 Bxf4 36. gxf4 Kd7 37. Rxg7 Rxg7 38. Rh8 Nc7 39. Rb8 b5 40. Nb3 Rh7 41. Rg8 Rh4 42. g3 Rh2 43. Nd2 Ne8 44. Rxg4 Rg2 45. b4 Ke7 46. Nb3 Rb2 47. Nc5 Ra2 48. Rg8 a5 49. bxa5 Rxa5 50. Kc2 Ra1 51. Kb2 Rf1 52. Kb3 Rb1+ 53. Ka3 Rc1 54. Kb2 Rf1 55. Nd3 Rd1 56. Kc2 Rg1 57. Nb2 Rf1 58. Nd1 Rg1 59. Ne3 Re1 60. Kd2 Rg1 61. f5 Ra1 62. g4 Ra2+ 63. Nc2 Rb2 64. f6+ Kd7 65. Rf8 Rb1 66. Rxf7+ Kc6 67. Re7 Nc7 68. f7 Rf1 69. g5 Rf2+ 70. Ke3 1-0